000 00465pab a2200181 454500
008 180718b2012 xxu||||| |||| 00| 0 eng d
100 _aPradhan, N.
245 _aQuality of Indian higher education: Policy perspective
260 _c2012
300 _ap.5-10.
362 _a30 Jul
650 _aHigher education - India
650 _aEducation quality - India
650 _aEducational quality
773 _aUniversity News
908 _aN
909 _a97329
999 _c97329
_d97329